Second growth (Registro nro. 301796)

Detalles MARC
000 -ENCABEZADO
Número de control [NR] 03426cam a2200337 i 4500
005 - FECHA Y HORA DE LA ÚLTIMA TRANSACCIÓN
control field 20180312143027.0
008 - DE LONGITUD FIJA DE DATOS DE ELEMENTOS - INFORMACIÓN GENERAL
Elementos de longitud fija [NR] 151209s2014 xxuab frb 001 0 eng d
020 ## - NUMERO INTERNACIONAL NORMALIZADO PARA LIBROS [R]
Número Internacional Normalizado del libro [NR] 9780226117911
020 ## - NUMERO INTERNACIONAL NORMALIZADO PARA LIBROS [R]
Número Internacional Normalizado del libro [NR] 9780226118079
020 ## - NUMERO INTERNACIONAL NORMALIZADO PARA LIBROS [R]
Número Internacional Normalizado del libro [NR] 9780226118109
020 ## - NUMERO INTERNACIONAL NORMALIZADO PARA LIBROS [R]
Número Internacional Normalizado del libro [NR] 022611807X
020 ## - NUMERO INTERNACIONAL NORMALIZADO PARA LIBROS [R]
ISBN Cancelado/ Invalidado [R] 022611791X
035 ## - NUMERO DE CONTROL DEL SISTEMA [R]
Número de control del sistema [NR] (OCoLC)856861452
Numero Cancelado/no válido [R] (OCoLC)882563512
040 ## - FUENTE DE CATALOGACION [NR]
Agencia de catalogación original [NR] Co-BoUCM
Idioma de catalogación [NR] spa
Quien Cataloga Saul Niño
Quien Clasifica Saul Niño
041 0# - CODIGO DE IDIOMA [R]
Código de idioma para texto/pista de sonido o título separado [R] Inglés
100 1# - ASIENTO PRINCIPAL--NOMBRE PERSONAL [NR]
Nombre personal [NR] Chazdon, Robin Lee
Fechas asociadas con el nombre [NR] 1957-
ID Autoridad 74248
245 10 - MENCION DE TITULO [NR]
Título [NR] Second growth
Parte restante del título [NR] the promise of tropical forest regeneration in an age of deforestation
Mención de responsabilidad, etc. [NR] Robin L. Chazdon
260 ## - PUBLICACION, DISTRIBUCION, ETC. (PIE DE IMPRENTA) [R]
Lugar de publicación, distribución, etc. [R] Chicago (Illinois, Estados Unidos)
Nombre del editor, distribuidor, etc. [R] The University of Chicago Press
Fecha de publicación, distribución, etc. [R] 2014
300 ## - DESCRIPCION FISICA [R]
Extensión [R] xx, 449 páginas
Otros detalles físicos [NR] ilustraciones, mapas
504 ## - NOTA DE BIBLIOGRAFIA, ETC. [R]
Nota de bibliografía, etc. [NR] Incluye referencias bibliográficas e índices
505 0# - NOTA DE CONTENIDO CON FORMATO PREESTABLECIDO [R]
Nota de contenido con formato preestablecido [NR] Perceptions of tropical forests and natural regeneration -- Ancient human legacies in tropical forest landscapes -- Landscape transformation and tropical forest regeneration through prehistory -- Tropical forest dynamics and disturbance regimes -- Successional pathways and forest transformations -- Tropical forest succession on newly created substrates -- Forest regeneration following agricultural land uses -- Forest regeneration following hurricanes and fires -- Forest regeneration following selective logging and land-use synergisms -- Functional traits and community assembly during secondary succession -- Recovery of ecosystem functions during forest regeneration -- Animal diversity and plant-animal interactions in regenerating forests -- Tropical reforestation pathways -- Regenerating forests in tropical landscapes -- Synthesis: The promise of tropical forest regeneration in an age of deforestation.
520 ## - NOTA DE RESUMEN, ETC. [R]
Nota de sumario, etc. [NR] "For decades, conservation and research initiatives in tropical forests have focused almost exclusively on old-growth forests because scientists believed that these 'pristine' ecosystems housed superior levels of biodiversity. With Second Growth, Robin L. Chazdon reveals those assumptions to be largely false, bringing to the fore the previously overlooked counterpart to old-growth forest: second growth. Even as human activities result in extensive fragmentation and deforestation, tropical forests demonstrate a great capacity for natural and human-aided regeneration. Although these damaged landscapes can take centuries to regain the characteristics of old growth, Chazdon shows here that regenerating--or second-growth--forests are vital, dynamic reservoirs of biodiversity and environmental services. What is more, they always have been. With chapters on the roles these forests play in carbon and nutrient cycling, sustaining biodiversity, providing timber and non-timber products, and integrated agriculture, Second Growth not only offers a thorough and wide-ranging overview of successional and restoration pathways, but also underscores the need to conserve, and further study, regenerating tropical forests in an attempt to inspire a new age of local and global stewardship."--Publisher's Web site.
650 #7 - ASIENTO SECUNDARIO DE MATERIA - TERMINO TEMATICO [R]
Término temático o nombre geográfico como elemento de entrada [NR] Reforestación
9 (RLIN) 23273
Subdivisión general [R] Investigaciones
650 #7 - ASIENTO SECUNDARIO DE MATERIA - TERMINO TEMATICO [R]
Término temático o nombre geográfico como elemento de entrada [NR] Ecología forestal
9 (RLIN) 13642
650 #7 - ASIENTO SECUNDARIO DE MATERIA - TERMINO TEMATICO [R]
Término temático o nombre geográfico como elemento de entrada [NR] Ecología
Fuente del encabezamiento o término [NR] fast
9 (RLIN) 13631
650 #7 - ASIENTO SECUNDARIO DE MATERIA - TERMINO TEMATICO [R]
Término temático o nombre geográfico como elemento de entrada [NR] Biodiversidad
9 (RLIN) 10097
650 #7 - ASIENTO SECUNDARIO DE MATERIA - TERMINO TEMATICO [R]
Término temático o nombre geográfico como elemento de entrada [NR] Bosques tropicales
9 (RLIN) 10200
Subdivisión general [R] Investigaciones
690 ## - ASUNTO AGREGADO LOCAL DE ENTRADA - TÉRMINO TEMÁTICO (OCLC, RLIN)
9 (RLIN) 42755
Acceso temático local Ciencias naturales
942 ## - ELEMENTOS DE ENTRADA AGREGADOS (KOHA)
Sistema de clasificación DEWEY
Tema principal Ciencias puras
Tipo de ítem principal el descrito en 300a Libro
Edición 1
Clasificación 577.3
Parte restante de la signatura top. C513se
Título oculto en OPAC No
Existencias
Signatura topográfica Código de barras Última vez visto Ejemplar Costo de reposición Price effective from Tipo de ítem Nota pública (OPAC) Perdido Sistema de clasificación Dañado No prestable Tipo de ítem específico Suprimido Ubicación habitual Ubicación actual Localización Fecha de creación Proveedor Forma de adquisición Costo
577.3 C513se 200028926 12/12/2025 Ej.1 383.86 03/12/2015 Libro Spot Ciencias Naturales   DEWEY     Libro   Quinta de Mutis Quinta de Mutis 3er piso 03/12/2015 15 Compra 399869.00